Państwa byłego ZSRR - quiz na mapie - Statystyki

Ogólne statystyki
  • Ten quiz został rozwiązany 67 razy
  • Średni wynik to 11 z 15
Odpowiedzi na mapie
Odpowiedzi zakodowano w zielono-czerwonej skali na mapie do tego quizu, zgodnie z poniższymi procentami.
 
Statystyki odpowiedzi
Odpowiedź % Poprawnych
Rosja
93%
Estonia
88%
Litwa
86%
Łotwa
86%
Białoruś
84%
Ukraina
84%
Kazachstan
81%
Mołdawia
79%
Armenia
74%
Azerbejdżan
72%
Gruzja
63%
Turkmenistan
56%
Uzbekistan
49%
Kirgistan
42%
Tadżykistan
40%
Nie znaleziono quizów pasujących do podanych kryteriów
Rozkład punktacji
Procent ludzi z każdym wynikiem
Percentyl według liczby udzielonych odpowiedzi
Twoja historia wyników
Nie rozwiązałeś tego quizu